Przegląd metod pomiaru szczelności elementów elektronicznych / (Rekord nr 6933)
| 000 -ETYKIETA REKORDU | |
|---|---|
| podpole kontrolne o stałej długości | 00892nab a2200205 i 4500 |
| 001 - NUMER KONTROLNY REKORDU | |
| podpole kontrolne | BPP |
| 003 - IDENTYFIKATOR NUMERU KONTROLNEGO REKORDU | |
| podpole kontrolne | BPK |
| 005 - DATA OSTATNIEJ MODYFIKACJI REKORDU | |
| podpole kontrolne | 20160126105705.0 |
| 008 - POLE O STAŁEJ DŁUGOŚCI - DANE KONTROLNE | |
| podpole kontrolne o stałej długości | 160126s2012 pl | | |000 ||pol |
| 040 ## - ŹRÓDŁO KATALOGOWANIA | |
| Instytucja, która utworzyła rekord | BPK |
| 080 ## - UNIWERSALNA KLASYFIKACJA DZIESIĘTNA - UKD | |
| UKD | 621.38 |
| 100 ## - NAZWA OSOBOWA | |
| Nazwa osobowa | KUBICKI, Maciej - doktorant. |
| Instytucja | Politechnika Koszalińska - Wydział Elektroniki i Informatyki |
| 245 ## - TYTUŁ/ODPOWIEDZIALNOŚĆ | |
| Tytuł | Przegląd metod pomiaru szczelności elementów elektronicznych / |
| Pozostałe elementy strefy tytułu i oznaczenia odpowiedzialności | Maciej Kubicki. |
| 260 ## - STREFA ADRESU WYDAWNICZEGO | |
| Data publikacji, dystrybucji/powstania dokumentu | 2012. |
| 500 ## - UWAGI OGÓLNE | |
| Tekst uwagi | Dane z autopsji. |
| 520 ## - UWAGA DOTYCZĄCA TREŚCI DOKUMENTU | |
| Analiza dokumentacyjna, adnotacja itp. | Artykuł przedstawia przegląd metod pomiaru szczelności elementów elektronicznych zawartych w standardach przemysłowych oraz przedstawianych w literaturze alternatywnych metod pomiaru. |
| 650 ## - HASŁO PRZEDMIOTOWE W FORMIE NAZWY OGÓLNEJ LUB JEDNOSTKOWEJ | |
| Nazwa ogólna lub geograficzna | Elektronika - pomiary - urządzenia. |
| 773 ## - TYTUŁ DOKUMENTU MACIERZYSTEGO | |
| Wyrażenie wprowadzające | W : |
| Tytuł | Zeszyty Naukowe Wydziału Elektroniki i Informatyki Politechniki Koszalińskiej. - |
| Informacje dotyczące relacji | 2012, nr 4, s. 67-82 |
| 942 ## - HASŁO DODATKOWE - ELEMENTY(KOHA) | |
| Typ dokumentu | Artykuł |
| Schemat klasyfikacji | Uniwersalna klasyfikacja dziesiętna |
| Wycofany | Zagubiony | Uszkodzony | Dostępność | Lokalizacja stała | Lokalizacja bieżąca | Sygnatura | Typ dokumentu |
|---|---|---|---|---|---|---|---|
| Dostępny | Bibliografia Prac Pracowników - BPK | Bibliografia Prac Pracowników - BPK | 01547 | Artykuł |
